Statistics for Shameless - The Weeknd Lyrics

Click here to take the quiz!

General Stats

  • This quiz has been taken 240 times
  • The average score is 283 of 331

Answer Stats

HintAnswer% Correct
ChorusI
98%
VerseSay
95%
say
95%
3xyou,
95%
You
95%
you
95%
it,
94%
it
94%
me
94%
me,
94%
me?
94%
be
92%
but
92%
But
92%
f*ck
92%
like
92%
like-
92%
love
92%
the
92%
to
92%
a
91%
gonna
91%
who's
91%
Who's
91%
don't
90%
live
90%
2xlouder
90%
2xlouder,
90%
shame
90%
for
89%
no
88%
pain
88%
wanna
88%
hurt
87%
always
86%
it's
85%
touch
85%
your
85%
come
84%
there
84%
what
84%
became
83%
have
83%
over
83%
over,
83%
I'll
82%
never
82%
said
82%
scared
81%
enough
80%
enough,
80%
girl,
80%
want
80%
begging
78%
you're
78%
fix
77%
good,
77%
I'm
77%
call
76%
not
76%
why
76%
cause
74%
ooh)
72%
ooh,
72%
ooh
72%
Ooh,
72%
tryna
72%
yeah
72%
Yeah
72%
that's
70%
keep
69%
composure
66%
couldn't
65%
last
62%
time,
61%
need
57%
little
55%
Hey
54%
( Hey!
54%
closure
53%
was
52%
all
51%
it'd
48%
saying,
48%
saying
48%
2xuh,
34%
Woo-
13%

Score Distribution

Percentile by Number Answered

Percent of People with Each Score

Your Score History

You have not taken this quiz